=LDR 00000nam 2200000 4500 =001 INLIS000000000035223 =005 20130612141110 =008 ***********************************ind** =035 ##$$0010-061300000035223 =041 ##$$a ind =082 ##$$a 612.7 =090 ##$$a 612.7, Set,p =100 ##$$a Setiawan, Aris =245 ##$$a Fisiologi Tubuh Manusia, Aris Setiawan, Ns. Tarwoto, Wartonah Ns =260 ##$$a 2009 $b Jakarta =300 ##$$a x,239 hlm., Illus, 21 cm =650 ##$$a Fisiologi Manusia - Studi dan Pengajaran =700 ##$$a Tarwoto, Ns =850 ##$$a NBPNMAT